000 00688nam a22002297a 4500
003 BCEG
005 20260223152924.0
008 260223s2025 mx|||||| |||| 00| 0 spa d
020 _a9786073866705
040 _aBCEG
_bspa
_cBCEG
082 0 4 _aI580
_bJ371m
100 1 _aJaramillo, Gina,
_d1982-.
245 1 0 _aMamina y su aprendiz de botánica.
260 _aCiudad de México :
_bPenguin Random House,
_c2025.
300 _a[46] p.
_b: il., col.
535 _aDisponible en la colección infantil de 7-9 años.
541 _aDonación.
650 1 4 _aBotánica
_vLibros infantiles.
650 1 4 _aPlantas
_vLibros infantiles.
700 1 _aMagallanes, Alejandro,
_eil.
942 _cBK
999 _c437083
_d437083